Ren - Albums & Singles - Statistics

General Stats
  • This quiz has been taken 21 times
    16 since last reset
  • The average score is 38 of 72
Answer Stats
Song % Correct
Freckled Angels
100%
Jenny's Tale
100%
Love Music, Pt. 1
100%
Love Music, Pt. 2
100%
Love Music, Pt. 3
100%
Love Music, Pt. 4
100%
Money Game
100%
Money Game, Pt. 2
100%
Ocean (feat. Eden Nash)
100%
Screech's Tale
100%
Sick Boi
100%
Violet's Tale
100%
Animal Flow
86%
Dominoes
86%
Fire
86%
Money Game, Pt. 3
86%
Seven Sins
86%
Sick Boi, Pt. 2
86%
What You Want
86%
Depression
71%
Illest Of Our Time
71%
Insomnia
71%
It's Alright
71%
Loco
71%
Murderer
71%
Power
71%
The Hunger
71%
Chalk Outlines (feat. Chinchilla)
57%
Down On The Beat (feat. Viktus)
57%
French Song (feat. Romain Axisa)
57%
Heretic
57%
Hold On
57%
Life Is Funny
57%
Suic*de
57%
Uninvited
57%
1990's
43%
Dear God,
43%
Diazepam
43%
Genesis
43%
Hi Ren
43%
How To Be Me (feat. Chinchilla)
43%
HUMBLE (feat. Eden Nash)
43%
KUJO BEAT DOWN
43%
Lost All Faith
43%
Masochist
43%
Satellite Girl
43%
Street Lights
43%
Bullet
29%
Children Of The Moon
29%
Crutch (feat. BiBi)
29%
Everybody Drops
29%
London City
29%
Make My Way
29%
Money Ties
29%
Pixie
29%
Run Screech, Run
29%
Troubles
29%
Wicked Ways
29%
Blind Eyed (feat. Sam Tompkins)
14%
Call For Backup
14%
Castles Made Of Sand
14%
Crucify Your Culture
14%
Penitence (feat. Molly McKinna)
14%
Pocket Full Of Pain
14%
Ready For You
14%
Run Away
14%
Ahiahiaohah (feat. BiBi)
0%
Do You Believe?
0%
GIRLS!
0%
Jessica (feat. Orlean)
0%
Meaning
0%
Prologue
0%
No matching quizzes found
Score Distribution
Percent of People with Each Score
Percentile by Number Answered
Your Score History
You have not taken this quiz since the last reset